[Event "GM"]
[Site "Beer Sheva ISR"]
[Date "2008.04.03"]
[Round "7"]
[White "Umarov,S"]
[Black "Tunik,G"]
[Result "0-1"]
[WhiteElo "2362"]
[BlackElo "2473"]

1.c4 Nf6 2.d4 e6 3.Nf3 b6 4.g3 Ba6 5.Qa4 Bb7 6.Bg2 c5 7.O-O cxd4 8.Nxd4 Qc8
9.Nc3 Be7 10.e4 O-O 11.h3 d6 12.Be3 Nbd7 13.f4 a6 14.Rac1 Re8 15.Rfe1 Bf8
16.Nde2 Qc7 17.Qd1 Rac8 18.b3 Qb8 19.g4 h6 20.Ng3 g6 21.h4 Nh7 22.g5 hxg5
23.hxg5 Bg7 24.Qd2 Nc5 25.b4 Nd7 26.Nce2 b5 27.cxb5 axb5 28.Rxc8 Rxc8 29.Rd1 Bf8
30.Nd4 Nb6 31.Nxb5 Nc4 32.Ba7 Qa8 33.Qf2 e5 34.Rf1 Ba6 35.fxe5 Nxe5 36.a4 Nxg5
37.Bd4 Bxb5 38.axb5 Nef3+ 39.Kh1 Nxd4 40.Qxd4 Qb8 41.Qd3 Bh6 42.Rd1 Ne6 43.Qxd6 Qxb5
44.Qd7 Qb8 45.Rf1 Rf8 46.Ne2 Qxb4 47.Bf3 Be3 48.Qd3 Qc5 49.Bg4 Ng5 50.Qc3 Nxe4
51.Qxc5 Bxc5  0-1

[Event "TCh-RUS w"]
[Site "Dagomys RUS"]
[Date "2008.04.03"]
[Round "2"]
[White "Nebolsina,V"]
[Black "Kovanova,B"]
[Result "1-0"]
[WhiteElo "2345"]
[BlackElo "2372"]

1.d4 Nf6 2.Nf3 e6 3.c4 b6 4.g3 Ba6 5.Qa4 Be7 6.Bg2 O-O 7.Nc3 c6 8.Bf4 Bb7
9.O-O d5 10.Ne5 Qe8 11.Rfd1 a6 12.Qb3 Nbd7 13.e4 dxe4 14.Nxe4 b5 15.Nc3 Nxe5
16.dxe5 Nd7 17.Qc2 Qc8 18.Ne4 c5 19.Bg5 f6 20.exf6 gxf6 21.Bh6 Rf7 22.Qe2 Ne5
23.cxb5 axb5 24.Qxb5 Rb8 25.Qe2 Bd5 26.Rac1 Qb7 27.b3 Bc6 28.f4 Ng6 29.Nxc5 Qb6
30.Qf2 Bxg2 31.Nd7 Qxf2+ 32.Kxf2 Ra8 33.Kxg2 Rxa2+ 34.Kf3 Rxh2 35.Rc8+ Bf8
36.Bxf8 Nxf8 37.Nc5 Rc2 38.Rdd8 Rc3+ 39.Ke4 Rxg3 40.Nxe6 f5+ 41.Kd4  1-0

[Event "TCh-RUS w"]
[Site "Dagomys RUS"]
[Date "2008.04.03"]
[Round "2"]
[White "Harika,D"]
[Black "Javakhishvili,L"]
[Result "1/2-1/2"]
[WhiteElo "2461"]
[BlackElo "2466"]

1.d4 Nf6 2.c4 e6 3.Nf3 b6 4.g3 Ba6 5.Qb3 Nc6 6.Nbd2 Na5 7.Qc3 c5 8.dxc5 bxc5
9.e4 Bb7 10.e5 Ne4 11.Nxe4 Bxe4 12.Bg2 Be7 13.O-O O-O 14.Re1 Bxf3 15.Bxf3 Rc8
16.Bf4 Nc6 17.Bxc6 Rxc6 18.Rad1 f5 19.exf6 Bxf6 20.Be5 Bxe5 21.Qxe5 Qc7 22.Qg5 Qd8
23.Qd2 Rf7 24.Re3 Rb6 25.Rd3 Rb7 26.b3 Qc7 27.Rd6 Kf8 28.Qe3 Rb6 29.R6d3 Rb8
30.Qd2 Ke8 31.Qc2 h6 32.R3d2 Re7 33.Qe4 Kf8 34.Rd6 Rb6 35.R6d3 Rf7 36.Rf3 Rxf3
37.Qxf3+ Kg8 38.Qd3 Qc6 39.f4 a5 40.f5 exf5 41.Qxf5 a4 42.Re1 d6 43.Qe6+ Kh7
44.Qf5+ Kg8 45.Qe6+ Kh7  1/2-1/2

[Event "GM"]
[Site "Beer Sheva ISR"]
[Date "2008.04.04"]
[Round "8"]
[White "Lerner,K"]
[Black "Tunik,G"]
[Result "1/2-1/2"]
[WhiteElo "2513"]
[BlackElo "2473"]

1.d4 Nf6 2.c4 e6 3.Nf3 b6 4.g3 Ba6 5.b3 b5 6.cxb5 Bxb5 7.Bg2 Bb4+ 8.Bd2 a5
9.Nc3 Bc6 10.O-O O-O 11.Rc1 Qe7 12.Qc2 Na6  1/2-1/2

[Event "IX Dos Hermanas Internet"]
[Site "ICC INT"]
[Date "2008.04.04"]
[Round "1.1"]
[White "Terry,R"]
[Black "Zhang Zhong"]
[Result "1-0"]
[WhiteElo "2260"]
[BlackElo "2613"]

1.d4 Nf6 2.c4 e6 3.Nf3 b6 4.g3 Ba6 5.b3 Bb7 6.Bg2 Bb4+ 7.Bd2 a5 8.O-O O-O
9.Nc3 d6 10.Qc2 Nbd7 11.Rfe1 Bxc3 12.Bxc3 Be4 13.Qb2 h6 14.Bf1 c6 15.Nd2 Bh7
16.e4 d5 17.Bg2 a4 18.cxd5 cxd5 19.e5 Ne4 20.Nxe4 Bxe4 21.Bxe4 dxe4 22.Rxe4 axb3
23.Qxb3 Qc7 24.Re3 Qc6 25.Rd1 Qa4 26.d5 Nc5 27.Qxa4 Rxa4 28.d6 Rxa2 29.Bd4 Nd7
30.Rc3 Ra7 31.f4 h5 32.Rdc1 Rfa8 33.Rc8+ Kh7 34.Rxa8 Rxa8 35.Rc7 Rd8 36.Rb7 Kg6
37.Bxb6 Nxb6 38.Rxb6 f6 39.Kf2 Kf5 40.exf6 gxf6 41.Ke3 e5 42.fxe5 fxe5 43.Ra6 Ke6
44.d7+ Kxd7 45.Ke4 h4 46.g4 h3 47.Rh6 Rg8 48.Rh7+ Ke6 49.Rh6+ Kf7 50.Kf5 e4
51.Rxh3 Ra8 52.Re3 Ra5+ 53.Kxe4 Kg6 54.Kf4 Ra4+ 55.Kg3 Ra2 56.h3 Ra1 57.Rf3 Ra2
58.Kh4 Ra5 59.Rb3 Ra4 60.Rb6+ Kg7 61.Kh5 Ra3 62.h4  1-0

[Event "TCh-ISR"]
[Site "Israel ISR"]
[Date "2008.04.04"]
[Round "6"]
[White "Alterman,B"]
[Black "Bar,R"]
[Result "1/2-1/2"]
[WhiteElo "2558"]
[BlackElo "2425"]

1.d4 Nf6 2.c4 e6 3.Nf3 b6 4.g3 Ba6 5.Qa4 Bb7 6.Bg2 c5 7.dxc5 bxc5 8.O-O Be7
9.Nc3 O-O 10.Rd1 Qb6 11.Bf4 Rd8 12.Rab1 Bc6 13.Qc2 d6 14.a3 a5 15.Rd2 Ra7
16.Rbd1 Rad7 17.e4 h6 18.h3 Bb7 19.e5 dxe5 20.Nxe5 Rxd2 21.Rxd2 Rxd2 22.Qxd2 Bxg2
23.Kxg2 Nc6 24.Nxc6 Qxc6+ 25.f3 g5 26.Be3 Nd7 27.Qe2 f5 28.g4 Kf7 29.gxf5 exf5
30.Nd5 Qe6 31.Qd3 Bd6 32.Bf2 Ne5 33.Qc3 g4 34.fxg4 fxg4 35.b3 gxh3+ 36.Qxh3 Qxh3+
37.Kxh3 a4 38.bxa4 Nxc4 39.Ne3 Nxa3 40.Nf5  1/2-1/2

[Event "FSGM April"]
[Site "Budapest HUN"]
[Date "2008.04.05"]
[Round "1"]
[White "Ilincic,Z"]
[Black "Brunello,S"]
[Result "0-1"]
[WhiteElo "2548"]
[BlackElo "2475"]

1.d4 Nf6 2.c4 e6 3.Nf3 b6 4.g3 Ba6 5.Qa4 Bb7 6.Bg2 c5 7.O-O Be7 8.Rd1 O-O
9.Nc3 cxd4 10.Nxd4 Qc8 11.Bg5 a6 12.Ne4 Nxe4 13.Bxe7 Re8 14.Ba3 d6 15.Bxe4 Bxe4
16.Bxd6 e5 17.Nf3 Nc6 18.c5 Bxf3 19.exf3 Nd4 20.Rxd4 exd4 21.Qxd4 bxc5 22.Bxc5 Qf5
23.f4 Rad8 24.Qb4 h5 25.h4 Re2 26.Be3 Re8 27.Bd4 Qg4 28.Qa5 R8e4 29.Bc5 Qe6
30.Qd8+ Kh7 31.Qd3 Qf5 32.Qc3 Qd5 33.b3 f6 34.a4 Rd2 35.b4 Ree2 36.a5 Rd3  0-1

[Event "ch-NED w"]
[Site "Hilversum NED"]
[Date "2008.04.06"]
[Round "3"]
[White "Middelveld,M"]
[Black "Lanchava,T"]
[Result "1-0"]
[WhiteElo "2040"]
[BlackElo "2365"]

1.d4 Nf6 2.c4 e6 3.Nf3 b6 4.g3 Ba6 5.Nbd2 b5 6.b3 d5 7.cxd5 exd5 8.Bg2 Bd6
9.O-O Nbd7 10.Bb2 O-O 11.Ne5 Qe8 12.Nxd7 Qxd7 13.e4 dxe4 14.Nxe4 Nxe4 15.Bxe4 Rab8
16.Qf3 f5 17.Bc6 Qe7 18.Rfe1 Qg5 19.Qd5+ Kh8 20.Bc1 Qg4 21.Kg2 Rbd8 22.h3 Qg6
23.Re6 Qf7 24.Bg5 Rb8 25.Rae1 f4 26.g4 Bb4 27.Be7 Bxe1 28.Bxf8 f3+ 29.Kf1 Qxf8
30.Rxe1 b4+ 31.Kg1 Be2 32.Qe5 Rd8 33.Rc1 h6 34.Kh2 Qf7 35.Kg3 a6 36.Be4 Rd7
37.Rc6 Re7 38.Qf5 Qxf5 39.Bxf5 Kg8 40.Re6 Kf7 41.Rxe7+ Kxe7 42.h4 g5 43.hxg5 hxg5
44.Be4 a5 45.Bxf3 Bd3 46.Bc6 Bb1 47.f4 Kd6 48.Ba4 Kd5 49.fxg5 Kxd4 50.Kf4 c5
51.Be8 c4 52.bxc4 Bxa2 53.g6 b3 54.g7 b2 55.g8=Q b1=Q 56.Qd5+ Kc3 57.Qxa5+ Kb2
58.Qb4+ Bb3 59.Ba4 Qc1+ 60.Kf5 Qc2+ 61.Kf6 Qf2+ 62.Kg6 Qc2+ 63.Kg7  1-0

[Event "6th V.Nabokov Mem"]
[Site "Kyiv UKR"]
[Date "2008.04.06"]
[Round "4"]
[White "Kruppa,Y"]
[Black "Soltanici,R"]
[Result "1/2-1/2"]
[WhiteElo "2543"]
[BlackElo "2395"]

1.d4 Nf6 2.c4 e6 3.Nf3 b6 4.g3 Ba6 5.b3 Bb4+ 6.Bd2 Be7 7.Nc3 c6 8.Rb1 O-O
9.Bg2 d5 10.cxd5 cxd5 11.b4 Bb7 12.b5 Nbd7 13.O-O Ne4 14.e3 a6 15.a4 axb5
16.axb5 Ra3 17.Ne2 Nxd2 18.Qxd2 Qa8 19.Rfc1 Bd6 20.Nf4 Ra2 21.Qd1 Rc8 22.Nd3 Nf8
23.Nfe5 f6 24.Nf3 Qa5 25.h4 Rxc1 26.Qxc1 Qa3 27.Bf1 Qxc1 28.Rxc1 Ra8 29.Nd2 Rc8
30.Ra1 Ra8 31.Rc1 Rc8 32.Ra1 Ra8  1/2-1/2

[Event "TCh-RUS w"]
[Site "Dagomys RUS"]
[Date "2008.04.07"]
[Round "6"]
[White "Ushenina,A"]
[Black "Zhao Xue"]
[Result "0-1"]
[WhiteElo "2474"]
[BlackElo "2523"]

1.d4 Nf6 2.c4 e6 3.Nf3 b6 4.g3 Ba6 5.Qc2 Bb4+ 6.Bd2 Be7 7.e4 d5 8.cxd5 Bxf1
9.Kxf1 exd5 10.e5 Ne4 11.Nc3 Nxc3 12.Bxc3 Qd7 13.Kg2 Nc6 14.h4 a5 15.Rhe1 Nd8
16.Re2 Ne6 17.Qd2 O-O 18.Rae1 c5 19.a3 c4 20.Nh2 b5 21.Rd1 Qa7 22.f4 b4 23.axb4 axb4
24.Bxb4 Bxb4 25.Qxb4 Nxd4 26.Red2 Nf5 27.Nf1 Rfb8 28.Rxd5 h5 29.Qd2 Qa2 30.Qc3 Qxb2+
31.Qxb2 Rxb2+ 32.R1d2 Rxd2+ 33.Rxd2 c3 34.Rc2 Ra3 35.Rc1 Nd4 36.Kf2 c2 37.Ne3 Rb3
38.Nxc2 Rb2 39.Ke3 Nb3 40.Rd1 Rxc2 41.Rd8+ Kh7 42.f5 Rc5 43.Kf4 Rc4+ 44.Ke3 Nc5
45.Re8 Rg4 46.Kf3 Rd4 47.Re7 Rd7 48.Re8 Rc7 49.g4 hxg4+ 50.Kxg4 Nd3 51.e6 fxe6
52.Rxe6 Nc5 53.Re2 Nd7 54.h5 Kh6  0-1

[Event "10th Open"]
[Site "Dubai UAE"]
[Date "2008.04.13"]
[Round "8"]
[White "Momeni,E"]
[Black "Zhou Weiqi"]
[Result "0-1"]
[WhiteElo "2253"]
[BlackElo "2560"]

1.d4 Nf6 2.c4 e6 3.Nf3 b6 4.g3 Ba6 5.b3 d5 6.Bg2 Bb4+ 7.Bd2 Bd6 8.O-O dxc4
9.Ne5 Bxe5 10.Bxa8 Bxd4 11.Bc3 Bxc3 12.Qxd8+ Kxd8 13.Nxc3 c6 14.b4 Kc7 15.a4 Nd5
16.Nxd5+ cxd5 17.b5 Bb7 18.Bxb7 Kxb7 19.Rfd1 Nd7 20.e4 Nf6 21.exd5 Nxd5 22.Rac1 c3
23.Kf1 Rc8 24.Rd4 a6 25.bxa6+ Kxa6 26.Ke2 Ka5 27.Kd1 Nb4 28.Ra1 Rc5 29.Ra3 c2+
30.Kc1 Rd5 31.Rxd5+ exd5 32.f4 f5 33.Kd2 d4 34.Ra1 d3 35.Ra3 g6 36.Ra1 Ka6
37.Ra3 h5 38.Ra1 Ka5 39.Ra3 b5 40.axb5+ Kxb5 41.Ra1 Kc4 42.Ra3 Nd5 43.Ra8 Kb3
44.Rb8+ Nb4 45.Rb7 Ka3 46.Ra7+ Kb2 47.Rc7 Na2 48.Kxd3 c1=Q 49.Rxc1 Kxc1 50.Kd4 Kd2
51.Ke5 Ke3 52.Kf6 Kf3 53.Kxg6 Kg4 54.h3+ Kxg3 55.Kxf5 Nb4 56.Ke4 Kh4 57.Ke5 Nd3+
58.Ke4 Nf2+ 59.Kf3 Nxh3 60.f5 Ng5+ 61.Kf4 Nh7  0-1

[Event "FSGM April"]
[Site "Budapest HUN"]
[Date "2008.04.14"]
[Round "10"]
[White "Ilincic,Z"]
[Black "Sammalvuo,T"]
[Result "1-0"]
[WhiteElo "2548"]
[BlackElo "2458"]

1.d4 e6 2.c4 Nf6 3.Nf3 b6 4.g3 Ba6 5.Qa4 Be7 6.Bg2 c6 7.Nc3 O-O 8.O-O d5
9.cxd5 cxd5 10.Bf4 Qe8 11.Qxe8 Rxe8 12.Ne5 Nbd7 13.Nxd7 Nxd7 14.Rfc1 Bf6
15.e3 Rac8 16.Bf1 Bxf1 17.Kxf1 g5 18.Bd6 Rc6 19.Nb5 Rec8 20.Bc7 Nb8 21.Nxa7 R8xc7
22.Nxc6 Rxc6 23.Rxc6 Nxc6 24.Rc1 Na5 25.Rc8+ Kg7 26.Rb8 e5 27.Rxb6 exd4 28.exd4 Bxd4
29.Rb5 Nc4 30.b3 Nd2+ 31.Kg2  1-0

[Event "82nd ch-ARG s/f"]
[Site "Buenos Aires ARG"]
[Date "2008.04.14"]
[Round "5"]
[White "Filgueira,H"]
[Black "Real de Azua,E"]
[Result "0-1"]
[WhiteElo "2332"]
[BlackElo "2417"]

1.d4 Nf6 2.Nf3 e6 3.c4 b6 4.g3 Ba6 5.Nbd2 d5 6.cxd5 exd5 7.Bg2 Be7 8.O-O O-O
9.Ne5 Bb7 10.Ndf3 h6 11.b3 Na6 12.Bb2 Re8 13.Rc1 c5 14.a3 Bd6 15.e3 Qe7 16.Re1 Qf8
17.Bf1 Nc7 18.Bd3 Rad8 19.Nh4 Ne4 20.Nf5 Bxe5 21.Bxe4 dxe4 22.Qg4 Bf6 23.Nxh6+ Kh8
24.Nf5 Bc8  0-1

[Event "Copenhagen Chess Challenge"]
[Site "Ballerup DEN"]
[Date "2008.04.16"]
[Round "1"]
[White "Almasy,A"]
[Black "De Verdier,M"]
[Result "0-1"]
[WhiteElo "1755"]
[BlackElo "2225"]

1.d4 Nf6 2.c4 e6 3.Nf3 b6 4.g3 Ba6 5.b3 b5 6.cxb5 Bxb5 7.Bg2 Bb4+ 8.Bd2 a5
9.Nc3 Bc6 10.O-O O-O 11.a3 Bxc3 12.Bxc3 Qc8 13.Bh3 d6 14.Nd2 a4 15.b4 Qa6
16.Re1 Nbd7 17.e4 e5 18.d5 Bb5 19.Bf1 c6 20.dxc6 Qxc6 21.Rc1 Qb7 22.Qf3 Bc6
23.Bd3 Nb6 24.Bb2 Rac8 25.Qe2 Rc7 26.Ba6 Qb8 27.Bb5 Rfc8 28.Bxc6 Rxc6 29.Rxc6 Rxc6
30.Qb5 Rc2 31.Bc1 Qc7 32.Kg2 h6 33.Nf3 Rxc1 34.Rxc1 Qxc1 35.Qxb6 Qxa3 36.Qxd6 Qb2
37.Qd2 Qb1 38.Nxe5 a3 39.Qd8+ Kh7 40.Nxf7 Qxe4+ 41.Kg1 a2  0-1

[Event "Copenhagen Chess Challenge"]
[Site "Ballerup DEN"]
[Date "2008.04.17"]
[Round "2"]
[White "Kludacz,M"]
[Black "Karim,I"]
[Result "0-1"]
[WhiteElo "2215"]
[BlackElo "2394"]

1.d4 Nf6 2.c4 e6 3.Nf3 b6 4.g3 Ba6 5.b3 Bb4+ 6.Bd2 Be7 7.Bg2 c6 8.Bc3 d5
9.Ne5 Nfd7 10.Nxd7 Nxd7 11.Nd2 O-O 12.O-O f5 13.e3 Bd6 14.Bb2 Rc8 15.a4 Qe7
16.a5 b5 17.c5 Bc7 18.b4 e5 19.dxe5 Nxe5 20.Nf3 Ng4 21.Qc2 Qd7 22.Rad1 Rce8
23.Nd4 Kh8 24.Rfe1 Bc8 25.Bh3 Qf7 26.Nxc6 Qh5 27.Bg2 Qxh2+ 28.Kf1 Bxg3 29.fxg3 Rxe3
30.Ne5 f4 31.Re2 Nxe5 32.Rf2 f3  0-1

[Event "82nd ch-ARG s/f"]
[Site "Buenos Aires ARG"]
[Date "2008.04.17"]
[Round "8"]
[White "Varela,G"]
[Black "Diaz Hollemaert,N"]
[Result "0-1"]
[WhiteElo "2347"]
[BlackElo "2429"]

1.d4 Nf6 2.Nf3 e6 3.c4 b6 4.g3 Ba6 5.Qa4 c6 6.Nc3 Be7 7.Bg2 O-O 8.O-O d5
9.Ne5 b5 10.cxb5 cxb5 11.Nxb5 Qe8 12.Nc3 Qxa4 13.Nxa4 Bxe2 14.Re1 Bb5 15.Nc3 Be8
16.Bf4 a5 17.Bf1 Nc6 18.Nxc6 Bxc6 19.Rec1 a4 20.a3 h6 21.h4 Ra7 22.Na2 Bd7
23.Rc2 Ne4 24.Rac1 g5 25.hxg5 hxg5 26.Bc7 Rb7 27.Ba5 Bf6 28.Bb4 Ra8 29.Rd1 Bg7
30.g4 Bf8 31.Bxf8 Kxf8 32.Nb4 Rab8 33.Rdc1 Rxb4 34.axb4 Rxb4 35.Rc7 Ke7 36.Ra7 Nf6
37.Rcc7 Kd6 38.Rcb7 Rxd4 39.Ra6+ Ke5 40.Be2 Bc8 41.Raa7 Bxb7 42.Rxb7 Rd2
43.Kf1 Ne4 44.Ke1 a3 45.bxa3 Ra2  0-1

[Event "3rd Open"]
[Site "Angers FRA"]
[Date "2008.04.26"]
[Round "4"]
[White "Parant,P"]
[Black "Primault,L"]
[Result "1-0"]
[WhiteElo "1931"]
[BlackElo "1527"]

1.d4 Nf6 2.c4 e6 3.Nf3 b6 4.g3 Ba6 5.b3 Bb4+ 6.Bd2 Be7 7.Bg2 c6 8.O-O d5
9.Ne5 c5 10.Bc3 Qc7 11.dxc5 bxc5 12.cxd5 exd5 13.Bxd5 Nxd5 14.Qxd5 Bd6 15.Nxf7 Qxf7
16.Qxd6 Rf8 17.Qe5+ Qe7 18.Qxe7+ Kxe7 19.Bxg7 Rd8 20.Bh6 Rd6 21.Bg5+ Kf7
22.Nc3 Nc6 23.Be3 Nd4 24.Bxd4 cxd4 25.Ne4 Rd5 26.Rfe1 Rc8 27.Rac1 Rxc1 28.Rxc1 Bxe2
29.Rc7+ Ke6 30.f4 d3 31.Nd2 Kd6 32.Rxa7 Rc5 33.Ne4+ Kc6 34.Nxc5 Kxc5 35.Rd7 Kb4
36.Kf2 Ka3 37.f5 Bg4 38.Rxd3  1-0

[Event "26th Metz Open"]
[Site "Metz St Symphorien FRA"]
[Date "2008.04.27"]
[Round "9"]
[White "Vaillant,S"]
[Black "Bruned,V"]
[Result "1/2-1/2"]
[WhiteElo "2017"]
[BlackElo "1921"]

1.d4 Nf6 2.Nf3 e6 3.c4 b6 4.g3 Ba6 5.b3 Bb4+ 6.Bd2 Be7 7.Bg2 c6 8.O-O d5
9.Ne5 Nfd7 10.Nxd7 Nxd7 11.Bc3 O-O 12.Nd2 Rc8 13.Re1 f5 14.a4 Nf6 15.e3 Bd6
16.Bf1 c5 17.dxc5 bxc5 18.Bxf6 Rxf6 19.cxd5 Bxf1 20.Kxf1 exd5 21.Nf3 Bb8
22.Rc1 Rd6 23.Qd3 Qf6 24.Qb5 a6 25.Qd3 Ba7 26.Red1 Rcd8 27.Rc2 h6  1/2-1/2

[Event "XXI Open"]
[Site "Benidorm ESP"]
[Date "2008.05.01"]
[Round "7"]
[White "Mikhalevski,V"]
[Black "Pogorelov,R"]
[Result "0-1"]
[WhiteElo "2597"]
[BlackElo "2423"]

1.d4 Nf6 2.c4 e6 3.Nf3 b6 4.g3 Ba6 5.b3 Bb4+ 6.Bd2 Be7 7.Bg2 c6 8.O-O O-O
9.Qc2 d5 10.Bf4 Nbd7 11.Rd1 Rc8 12.Nc3 Qe8 13.e4 dxc4 14.h3 Nh5 15.Bc1 Nhf6
16.Bb2 Bb4 17.e5 Nd5 18.Ne4 c3 19.Nxc3 Bxc3 20.Bxc3 Nxc3 21.Qxc3 c5 22.Ng5 Qe7
23.Ne4 cxd4 24.Qxd4 Rc7 25.Rac1 Rfc8 26.Rxc7 Rxc7 27.Nd6 f6 28.exf6 Nxf6
29.b4 Be2 30.Re1 Rd7 31.Rxe2 Qxd6 32.Qc4 Kf7 33.a3 Rc7 34.Qb3 Rc1+ 35.Kh2 Rc7
36.Qe3 Rd7 37.Qb3 Rc7 38.Bf3 h6 39.Re1 Rc8 40.Bb7 Rc7 41.Ba6 Qd5 42.Qe3 Qd6
43.Bd3 Qc6 44.Bb1 Qd6 45.Ba2 Re7 46.Bb3 Qc6 47.Qe5 Nd7 48.Qh5+ Kf8 49.Re3 Nf6
50.Qg6 Qd6 51.Rd3 Qc7 52.Rd2 Qc8 53.Rd6 Qe8 54.Qxe8+ Nxe8 55.Rxe6 Rxe6 56.Bxe6 Ke7
57.Bc4 Nd6 58.Be2 Ke6 59.Kg2 Ke5 60.Kf3 Kd4 61.Kf4 Ne4 62.Kf3 Nc3 63.Bf1 Nb1
64.Kf4 Nxa3 65.Kf5 a5 66.bxa5 bxa5 67.Be2 Kc3 68.Bh5 Nc4 69.Bd1 Nb2 70.Bf3 a4
71.Be4 a3 72.Bb1 Nd3 73.Kg6 Kb2 74.Bxd3 a2 75.Kxg7 a1=Q 76.f4 Kc3 77.Bg6 Kc4+
78.Kxh6 Qh8+ 79.Bh7 Qf8+ 80.Kg5 Qe7+ 81.Kg6 Qe6+ 82.Kg7 Qxh3 83.f5 Qxg3+
84.Bg6 Qc7+ 85.Bf7+ Kd4 86.f6 Ke5 87.Kg6 Qd6  0-1

[Event "43rd Capablanca Memorial Open"]
[Site "Havana CUB"]
[Date "2008.05.08"]
[Round "1"]
[White "Glud,J"]
[Black "Hevia,A"]
[Result "0-1"]
[WhiteElo "2456"]
[BlackElo "2308"]

1.d4 Nf6 2.Nf3 e6 3.c4 b6 4.g3 Ba6 5.Nbd2 Bb4 6.Qb3 Bxd2+ 7.Bxd2 O-O 8.Bg2 Bb7
9.O-O d6 10.Rfd1 Nbd7 11.Rac1 Qe7 12.Qa3 e5 13.dxe5 Nxe5 14.Bc3 Nxf3+ 15.exf3 Qe6
16.Rd4 Rfe8 17.Rh4 Nd7 18.Bh3 Qe7 19.Bxd7 Qxd7 20.Rg4 g6 21.Rf4 Re2 22.Bd4 Rae8
23.Qc3 f5 24.h4 h6 25.Qd3 Re1+ 26.Rxe1 Rxe1+ 27.Kg2 Qe6 28.Bc3 Qe2 29.Qxe2 Rxe2
30.Kf1 Re8 31.h5 Kh7 32.Kg2 Rf8 33.hxg6+ Kxg6 34.Bd2 h5 35.Rd4 Re8 36.Be3 a5
37.Rf4 Bc6 38.Kf1 Bb7 39.Ke2 Re7 40.Kd3 Rf7 41.b3 Rh7 42.a3 Rf7 43.Ke2 c5
44.Kd3 Rd7 45.g4 Rf7 46.gxh5+ Kxh5 47.Kc3 Bc8 48.b4 Be6 49.Kb3 Rd7 50.Kb2 a4
51.Kc3 Rg7 52.bxc5 bxc5 53.Kc2 Rb7 54.Bc1 Rb3  0-1

[Event "Mayors Cup Open"]
[Site "Mumbai IND"]
[Date "2008.05.11"]
[Round "1"]
[White "Bhambure,S"]
[Black "Koneru,H"]
[Result "0-1"]
[WhiteElo "1846"]
[BlackElo "2603"]

1.d4 Nf6 2.c4 e6 3.Nf3 b6 4.g3 Ba6 5.Qc2 c5 6.d5 exd5 7.cxd5 Bb7 8.Bg2 Nxd5
9.O-O Be7 10.Rd1 Nf6 11.Nc3 Nc6 12.a3 O-O 13.e4 Ne8 14.Be3 Nc7 15.Rd2 Qc8
16.Rad1 d6 17.Bf4 Ne6 18.Bh3 Qe8 19.Nb5 Nxf4 20.gxf4 Nb4 21.Qc4 Ba6 22.a4 Kh8
23.f5 Rd8 24.Bf1 Qc6 25.b3 Bb7 26.Nc3 Bf6 27.Nd5 Nxd5 28.Rxd5 Qe8 29.Rxd6 Rxd6
30.Rxd6 Qxe4 31.Qxe4 Bxe4 32.Nd2 Bxf5 33.a5 Be7 34.Rd5 Be6 35.Rd3 bxa5 36.Rc3 Rd8
37.Nc4 Bf6 38.Rc1 Rd5 39.Bg2 Rg5 40.Kf1 Bf5 41.Bf3 Bd3+ 42.Be2 Bxe2+ 43.Kxe2 h5
44.Nxa5 Rg2 45.Rxc5 Rxf2+ 46.Kxf2 Bd4+ 47.Kf3 Bxc5 48.Nc6 g6 49.b4 Bg1 50.h3 Kg7
51.Ne7 Kf6 52.Nd5+ Ke5  0-1

[Event "Mayors Cup Open"]
[Site "Mumbai IND"]
[Date "2008.05.12"]
[Round "3"]
[White "Gagunashvili,M"]
[Black "Arun,Ka"]
[Result "1-0"]
[WhiteElo "2553"]
[BlackElo "2281"]

1.d4 Nf6 2.c4 e6 3.Nf3 b6 4.g3 Ba6 5.Nbd2 Bb7 6.Bg2 Be7 7.O-O O-O 8.Qc2 d5
9.cxd5 exd5 10.Ne5 c5 11.Ndf3  1-0

[Event "III President's Cup"]
[Site "Baku AZE"]
[Date "2008.05.14"]
[Round "3"]
[White "Ashwin,J"]
[Black "Djavadov,R"]
[Result "1-0"]
[WhiteElo "2446"]
[BlackElo "2138"]

1.d4 Nf6 2.c4 e6 3.Nf3 b6 4.g3 Ba6 5.Qc2 c5 6.d5 exd5 7.cxd5 Be7 8.Nc3 O-O
9.Bg2 d6 10.O-O Nbd7 11.a4 Re8 12.Re1 Bf8 13.e4 Qc7 14.Nb5 Bxb5 15.axb5 g6
16.b3 Bg7 17.Bb2 Rac8 18.Nd2 g5 19.Nc4 Ng4 20.Bxg7 Kxg7 21.Qc3+ f6 22.f4 gxf4
23.gxf4 Rg8 24.Qf3 Nh6 25.Qh5 Nf7 26.Kh1 Nf8 27.Bh3 Re8 28.Rg1+ Kh8 29.Rxg8+ Kxg8
30.Rg1+ Kh8 31.Bf5 Qe7 32.Rg3 Rb8 33.Rh3 Nd8 34.Nxd6 Qxd6 35.Bxh7 Qxf4 36.Bg6+ Kg7
37.Qh8+  1-0

[Event "Kaupthing Open"]
[Site "Differdange LUX"]
[Date "2008.05.15"]
[Round "7"]
[White "Linster,P"]
[Black "Macak,S"]
[Result "0-1"]
[WhiteElo "2104"]
[BlackElo "2342"]

1.d4 Nf6 2.c4 e6 3.Nf3 b6 4.g3 Ba6 5.b3 Bb4+ 6.Bd2 Be7 7.Bg2 c6 8.Bc3 d5
9.Ne5 Nfd7 10.Nxd7 Nxd7 11.Nd2 O-O 12.O-O f5 13.Qc2 Bd6 14.a4 Qe7 15.Bb2 Rac8
16.a5 b5 17.cxb5 Bxb5 18.Nf3 c5 19.dxc5 Nxc5 20.Rfc1 Ba6 21.Qd1 Ne4 22.Nd4 Qd7
23.e3 Kh8 24.Rxc8 Rxc8 25.Rc1 Bb4 26.Rxc8+ Qxc8 27.Bxe4 dxe4 28.Nc6 Bf8 29.Qd8 Qxd8
30.Nxd8 Bc8 31.a6 Be7 32.Nc6 Bd6 33.Nxa7 Bxa6 34.Nc6 Kg8 35.Bc3 Ba3 36.h3 g6
37.Kg2 Kf7 38.g4 Bb5 39.Ne5+ Ke7 40.Kg3 g5 41.h4 h6 42.hxg5 hxg5 43.b4 Bc1
44.Ng6+ Kf7 45.Ne5+ Ke7 46.Ng6+ Kd6 47.Bf6 Be8 48.Ne5 f4+ 49.Kg2 Kd5 50.f3 fxe3
51.fxe4+ Kxe4 52.Nf3 e2 53.Bxg5 Bxg5 54.Nxg5+  0-1

[Event "43rd Capablanca Memorial Open"]
[Site "Havana CUB"]
[Date "2008.05.15"]
[Round "8"]
[White "Lebredo Zaragoitia,G"]
[Black "Ordunez,E"]
[Result "1-0"]
[WhiteElo "2246"]
[BlackElo "2224"]

1.d4 Nf6 2.c4 e6 3.Nf3 b6 4.g3 Ba6 5.Qa4 Bb7 6.Bg2 c5 7.dxc5 Bxc5 8.Nc3 O-O
9.O-O Be7 10.Bf4 Na6 11.Rfd1 Nc5 12.Qc2 h6 13.Nd4 Bxg2 14.Kxg2 Qc8 15.Ndb5 Qc6+
16.f3 d5 17.cxd5 exd5 18.Rac1 Rfc8 19.Nd4 Qd7 20.Be5 Ne6 21.Nf5 d4 22.Bxd4 Nxd4
23.Rxd4 Qe6 24.Nxe7+ Qxe7 25.e4 Rc5 26.Rcd1 Qe6 27.Rd8+  1-0

[Event "Mayors Cup Open"]
[Site "Mumbai IND"]
[Date "2008.05.15"]
[Round "7"]
[White "Bhambure,S"]
[Black "Sangeetha,M"]
[Result "1/2-1/2"]
[WhiteElo "1846"]
[BlackElo "2102"]

1.d4 Nf6 2.c4 e6 3.Nf3 b6 4.g3 Ba6 5.Qc2 Bb4+ 6.Bd2 Bxd2+ 7.Nbxd2 O-O 8.Bg2 c6
9.O-O d5 10.Rfd1 Nbd7 11.Rac1 Bb7 12.e4 dxe4 13.Nxe4 Nxe4 14.Qxe4 Nf6 15.Qh4 Rc8
16.Ne5 Qe7 17.c5 b5 18.a4 a6 19.a5 Qc7 20.b4 Rcd8 21.Qf4 Nd5 22.Bxd5 Rxd5
23.Ng6 Qxf4 24.Nxf4 Rd7 25.Ne2 Rfd8 26.f4 Bc8 27.Kf2 f6 28.Rd2 e5  1/2-1/2

[Event "Mayors Cup Open"]
[Site "Mumbai IND"]
[Date "2008.05.15"]
[Round "7"]
[White "Thejkumar,M"]
[Black "Arun,Ka"]
[Result "1-0"]
[WhiteElo "2414"]
[BlackElo "2281"]

1.d4 Nf6 2.Nf3 e6 3.c4 b6 4.g3 Ba6 5.Nbd2 d5 6.cxd5 exd5 7.Ne5 Bb7 8.Bg2 Be7
9.O-O O-O 10.b3 c5 11.Bb2 Nbd7 12.Rc1 Re8 13.Nxd7 Qxd7 14.dxc5 bxc5 15.Bxf6 gxf6
16.e4 d4 17.Qh5 Qb5 18.Nc4 Rad8 19.Rcd1 Bf8 20.Rfe1 d3 21.Re3 Qb4 22.e5 Bxg2
23.Kxg2 Qc3 24.Qg4+ Kh8 25.Qf5 fxe5 26.Nxe5 Bg7 27.Nxf7+ Kg8 28.Nxd8 Rxe3
29.fxe3 Qc2+ 30.Kh3 Qxd1 31.Qf7+  1-0

[Event "Mayors Cup Open"]
[Site "Mumbai IND"]
[Date "2008.05.16"]
[Round "8"]
[White "Bharat,P"]
[Black "Narayanan,Sr"]
[Result "0-1"]
[WhiteElo "1993"]
[BlackElo "2220"]

1.d4 Nf6 2.Nf3 e6 3.c4 b6 4.g3 Ba6 5.b3 Bb4+ 6.Bd2 Be7 7.Nc3 Bb7 8.Bg2 c5
9.e3 O-O 10.O-O d6 11.Qc2 Nbd7 12.Rad1 Rc8 13.e4 cxd4 14.Nxd4 a6 15.a4 Qc7
16.Rfe1 Qb8 17.h3 Rfd8 18.f4 Bf8 19.f5 Re8 20.g4 d5 21.fxe6 fxe6 22.exd5 Bc5
23.Be3 exd5 24.cxd5 Qg3 25.Nf5 Rxe3 26.Rxe3 Bxe3+ 27.Kh1 Qe5 28.Rd3 Bf4 29.Qf2 Rxc3
30.Rxc3 Qxc3 31.Qxf4 Qe1+ 32.Kh2 Qe5 33.Kg3 g6 34.Qxe5 Nxe5 35.Ne7+ Kf7 36.Nc6 Bxc6
37.dxc6 Ke7 38.Kf4 Nd3+ 39.Kg5 Nc5 40.b4 Ne6+ 41.Kh6 Kd6 42.g5 Nh5 43.b5 axb5
44.axb5 Nhf4 45.Bf1 Ke7 46.h4 Nd4 47.Kxh7 Nf3 48.c7 Kd7 49.h5 Nxg5+ 50.Kh6 Nf7+
51.Kg7 gxh5 52.Kxf7 h4 53.c8=Q+ Kxc8 54.Ke7 h3 55.Bxh3+ Nxh3 56.Kd6 Kb7 57.Kd7 Nf2
58.Ke6 Kc7 59.Kd5 Ng4 60.Ke6 Ne3 61.Ke5 Nc4+ 62.Kd4 Nd6  0-1

[Event "Kaupthing Open"]
[Site "Differdange LUX"]
[Date "2008.05.17"]
[Round "9"]
[White "Nezar,M"]
[Black "Papadopoulos,I"]
[Result "1/2-1/2"]
[WhiteElo "2397"]
[BlackElo "2471"]

1.d4 Nf6 2.c4 e6 3.Nf3 b6 4.g3 Ba6 5.b3 d5 6.Bg2 Bb4+ 7.Bd2 Bd6 8.Qc2 O-O
9.O-O Ne4 10.Nc3 Nxc3 11.Bxc3 Bb7 12.Nd2 Nd7 13.e4 Be7 14.Rad1 Qc8 15.Rfe1 Re8
16.b4 c5 17.bxc5 bxc5 18.exd5  1/2-1/2

[Event "ch-LTU"]
[Site "Kaunas LTU"]
[Date "2008.05.17"]
[Round "1"]
[White "Butnorius,A"]
[Black "Pileckis,E"]
[Result "1/2-1/2"]
[WhiteElo "2442"]
[BlackElo "2403"]

1.d4 Nf6 2.Nf3 e6 3.c4 b6 4.g3 Ba6 5.b3 Bb7 6.Bg2 Bb4+ 7.Bd2 a5 8.O-O O-O
9.Qc2 h6 10.Nc3 d6 11.Rfe1 Bxc3 12.Bxc3 Be4 13.Qb2 c6 14.Nd2 Bxg2 15.Kxg2 b5
16.Qc2 Qe7 17.e4 e5 18.Nf3 Nbd7 19.Rad1 Qe6 20.d5 cxd5 21.exd5 Qe8 22.cxb5 Qb8
23.a4 Qb7 24.Bb2  1/2-1/2

[Event "Mayors Cup Open"]
[Site "Mumbai IND"]
[Date "2008.05.18"]
[Round "10"]
[White "Thejkumar,M"]
[Black "Kunte,A"]
[Result "1/2-1/2"]
[WhiteElo "2414"]
[BlackElo "2547"]

1.d4 Nf6 2.Nf3 e6 3.c4 b6 4.g3 Ba6 5.Nbd2 d5 6.cxd5 exd5 7.Bg2 Be7 8.O-O O-O
9.Ne5 Bb7 10.b3 Na6 11.Bb2 c5 12.Nd3 Re8 13.Rc1 Rc8 14.dxc5 Nxc5 15.Nf3 Nfe4
16.Nf4 a5  1/2-1/2